ARRUPE JESUIT UNIVERSITY

CORONAVIRUS -STOP THE SPREAD - CLEAN,DISINFECT,COVER

Christ the one and only : (Record no. 128093)

MARC details
000 -LEADER
fixed length control field 02257cam a22002894a 4500
001 - CONTROL NUMBER
control field 14098057
003 - CONTROL NUMBER IDENTIFIER
control field ARRUPE
005 - DATE AND TIME OF LATEST TRANSACTION
control field 20180904123429.0
008 - FIXED-LENGTH DATA ELEMENTS--GENERAL INFORMATION
fixed length control field 050906s2005 enk b 000 0 eng
010 ## - LIBRARY OF CONGRESS CONTROL NUMBER
LC control number 2005052982
020 ## - INTERNATIONAL STANDARD BOOK NUMBER
International Standard Book Number 080102854X (pbk.)
035 ## - SYSTEM CONTROL NUMBER
System control number (OCoLC)ocm61513197
040 ## - CATALOGING SOURCE
Original cataloging agency DLC
Transcribing agency DLC
Modifying agency BAKER
-- C#P
-- WTS
-- DLC
042 ## - AUTHENTICATION CODE
Authentication code pcc
050 00 - LIBRARY OF CONGRESS CALL NUMBER
Classification number BT205
Item number .C52 2005
082 00 - DEWEY DECIMAL CLASSIFICATION NUMBER
Classification number 232
Edition number 22
300 ## - PHYSICAL DESCRIPTION
Dimensions 23 cm.
245 00 - TITLE STATEMENT
Title Christ the one and only :
Remainder of title a global affirmation of the uniqueness of Jesus Christ /
Statement of responsibility, etc edited by Sung Wook Chung ; foreword by Alister E. McGrath.
260 ## - PUBLICATION, DISTRIBUTION, ETC. (IMPRINT)
Place of publication, distribution, etc Milton Keynes, UK :
Name of publisher, distributor, etc Paternoster ;
Place of publication, distribution, etc Grand Rapids, Mich. :
Name of publisher, distributor, etc Baker Academic,
Date of publication, distribution, etc 2005.
300 ## - PHYSICAL DESCRIPTION
Extent xvi, 240 p. ;
504 ## - BIBLIOGRAPHY, ETC. NOTE
Bibliography, etc Includes bibliographical references.
505 0# - FORMATTED CONTENTS NOTE
Formatted contents note The incarnation of Christ and its implications to the ministry and mission of the church / Elias Dantas -- The uniqueness of the life and teachings of Christ / Clark H. Pinnock -- The uniqueness of Christ's suffering and death on the cross / Graham Tomlin -- The resurrection and the uniqueness of Jesus Christ / Gabriel Fackre -- The uniqueness of Christ as the revealer of God / Mark D. Thompson -- The uniqueness of Christ and the trinitarian faith / Veli-Matti Kärkkäinen -- The uniqueness of Christ in relation to Jewish people : the eternal crusade / Ellen T. Charry -- The uniqueness of Christianity in relation to Buddhism / Paul S. Chung -- Jesus Christ, eschatological prophet and incarnate savior : a Christian proposal to Muslims / Ng Kam Weng -- The law of love according to Confucius and Paul : cruciform love and ren ren (benevolent persons) of becoming fully human / K.K. Yeo -- Christianity and Buddhism : significant points of contact and their missional implications / Sung Wook Chung.
600 00 - SUBJECT ADDED ENTRY--PERSONAL NAME
Personal name Jesus Christ.
9 (RLIN) 41963
650 #0 - SUBJECT ADDED ENTRY--TOPICAL TERM
Topical term or geographic name as entry element Christianity and other religions.
9 (RLIN) 41964
700 1# - ADDED ENTRY--PERSONAL NAME
Personal name Chung, Sung Wook,
Dates associated with a name 1966-
9 (RLIN) 41965
906 ## - LOCAL DATA ELEMENT F, LDF (RLIN)
a 7
b cbc
c orignew
d 1
e ocip
f 20
g y-gencatlg
942 ## - ADDED ENTRY ELEMENTS (KOHA)
Source of classification or shelving scheme Library of Congress Classification
Koha item type Monograph ( Printed materials)
Holdings
Withdrawn status Lost status Source of classification or shelving scheme Damaged status Not for loan Collection code Home library Current library Shelving location Date acquired Total Checkouts Full call number Barcode Date last seen Date checked out Price effective from Koha item type
    Library of Congress Classification     Main Collection ARRUPE LIBRARY ARRUPE LIBRARY Main Collection 04/09/2018 1 BT205 .C52 2005 46600001559 07/10/2021 18/11/2019 04/09/2018 Monograph ( Printed materials)

 

Arrupe Library. PO Box MP320 Mt Pleasant, Harare, Zimbabwe
263 242 745411|librarian@aju.ac.zw